Meteorological Office (Record no. 119673)

MARC details
000 -LEADER
fixed length control field 00579cam a2200157 4500
001 - CONTROL NUMBER
control field WS108660
008 - FIXED-LENGTH DATA ELEMENTS--GENERAL INFORMATION
fixed length control field 000000n 000 0 eng u
035 ## - SYSTEM CONTROL NUMBER
System control number (Sirsi) u108660
110 ## - MAIN ENTRY--CORPORATE NAME
Corporate name or jurisdiction name as entry element Meteorological Office
9 (RLIN) 1277
245 ## - TITLE STATEMENT
Title Meteorological Office
520 ## - SUMMARY, ETC.
Summary, etc. Web site giving weather forecasts and a list of services offered to business by sector, includes agriculture, architecture, building and construction.
650 ## - SUBJECT ADDED ENTRY--TOPICAL TERM
Topical term or geographic name entry element WEATHER FORECASTS
650 ## - SUBJECT ADDED ENTRY--TOPICAL TERM
Topical term or geographic name entry element WEATHER
856 40 - ELECTRONIC LOCATION AND ACCESS
Uniform Resource Identifier <a href="https://www.meto.gov.uk">https://www.meto.gov.uk</a>
Public note View the website free of charge at www.meto.gov.uk...
942 ## - ADDED ENTRY ELEMENTS (KOHA)
Suppress in OPAC 0
Holdings
Withdrawn status Lost status Source of classification or shelving scheme Damaged status Not for loan Home library Current library Shelving location Date acquired Total Checkouts Full call number Barcode Date last seen Copy number Price effective from Koha item type
    Dewey Decimal Classification     Virtual Virtual Online 06/10/2000   WEB SITE 108660-2001 06/08/2019 1 06/08/2019 Online material